Đi bộ và sức khỏe

Tallennettuna:
Bibliografiset tiedot
Päätekijät:  Đi bộ và sức khỏe,  Nguyễn, Ngọc Kim Anh
Aineistotyyppi: Sách
Kieli:Undetermined
Julkaistu:  Thể thao và Du lịch  2022
Aiheet:
Tagit: Lisää tagi
Ei tageja, Lisää ensimmäinen tagi!
Thư viện lưu trữ: Trung tâm Thư viện - Trường Đại học Công nghiệp TP. Hồ Chí Minh
LEADER 00530nam a2200157Ia 4500
001 UIH_08334
008 241002s9999 xx 000 0 und d
082 |a  613.7176 
100 |a  Đi bộ và sức khỏe 
100 |a  Nguyễn, Ngọc Kim Anh 
245 0 |a  Đi bộ và sức khỏe 
260 |b  Thể thao và Du lịch 
260 |c  2022 
650 |a Chăm sóc sức khỏe; Đi bộ 
927 |a Sách 
980 |a Trung tâm Thư viện - Trường Đại học Công nghiệp TP. Hồ Chí Minh